| 000 | 005670000a22001690004500 | ||
|---|---|---|---|
| 090 |
_aAR _b00569 |
||
| 245 | 1 | 0 | _aNote on the duodenum of the west Indian manatee (<Trichechus manatus>), with emphasis on the duodenal glands |
| 650 | 1 | 4 |
_aMamíferos acuáticos _993274 |
| 650 | 1 | 4 |
_aFisiología animal _99500 |
| 650 | 1 | 4 |
_aAnatomía animal _993635 |
| 653 |
_gTrichechus _eTrichechus manatus _manatí |
||
| 041 | 0 | _aInglés | |
| 700 | 1 |
_aKrause, W. J. _993636 |
|
| 100 | 1 |
_aReynolds, John E. _993280 |
|
| 942 | _cARTICULO | ||
| 773 | 1 |
_tActa Anatómica _3219 _h114 _q33-40 _d1982 |
|
| 999 |
_c9661 _d9661 |
||